Elementary logic /
Guardado en:
| Autor Principal: | |
|---|---|
| Formato: | Libro |
| Idioma: | English |
| Publicado: |
New York :
Oxford University Press,
1965.
|
| Materias: | |
| Etiquetas: |
Agregar Etiqueta
Sin Etiquetas, Sea el primero en etiquetar este registro!
|
| LEADER | 00577cam a22001815a 4500 | ||
|---|---|---|---|
| 001 | MAT.inmabb003953 | ||
| 008 | 720120s1965####nyu######b####001#0#eng## | ||
| 005 | 20130324172109.0 | ||
| 245 | 1 | 0 | |a Elementary logic / |c Benson Mates. |
| 260 | |a New York : |b Oxford University Press, |c 1965. | ||
| 300 | |a x, 227 p. ; |c 24 cm. | ||
| 504 | |a Bibliografía: p. 221-222. | ||
| 100 | 1 | |a Mates, Benson, |d 1919- | |
| 650 | 0 | |a Logic, Symbolic and mathematical. | |
| 084 | |a 03Bxx (03-01 03B10) |2 msc2000 | ||
| 010 | |a 65010505 | ||
| 040 | |a DLC |c OYesA |d OCoLC |d DLC | ||
| 859 | |h 03 |i M425 |p A-2493 |b BIB. MATEMATICA | ||
